| 000 | 00578nam a2200169 a 4500 | ||
|---|---|---|---|
| 003 | OSt | ||
| 005 | 20150408114125.0 | ||
| 008 | 130312n19uu ||||g |||| 00| 0 ara d | ||
| 040 | _aMA_UN | ||
| 082 | 0 | 4 |
_221 _a332.6 _bع م أ |
| 100 | 1 |
_aعبد النبي، محمد أحمد _912714 |
|
| 245 | 1 | 2 |
_aالأسواق المالية : _b(الأصول العلمية والتحليل الأساسي) / _cمحمد أحمد عبد النبي. |
| 260 |
_a[د. م. : _bد. ن.، _c19-- _m13--] |
||
| 300 |
_a149 ص. ؛ _c24 سم. |
||
| 650 | 7 |
_2aucsh _aالبورصات |
|
| 942 |
_2ddc _cBOOK |
||
| 999 |
_c28857 _d263357 |
||